| 000 | 00382 a2200157 4500 | ||
|---|---|---|---|
| 001 | 72236 | ||
| 020 | _a | ||
| 040 | _cAnchieta - Colégio São Paulo | ||
| 100 | _aSilva, Flávio Caetano da | ||
| 240 | 1 | 0 |
_aA história da Bahia em quadrinhos _lpor |
| 245 | 1 | 0 | _aA história da Bahia em quadrinhos |
| 300 | _a42 | ||
| 362 | 0 | _a1999 | |
| 650 | 4 | _aLiteratura infantil | |
| 942 | _cBK | ||
| 999 |
_c72236 _d72236 |
||